书目信息 |
| 题名: |
人狗情
|
|
| 作者: | 吉卜林 著 ;姬登杰 译 | |
| 分册: | ||
| 出版信息: | 北京 人民文学出版社 2006.01 |
|
| 页数: | 260页 | |
| 开本: | 22cm | |
| 丛书名: | 人狗情丛书 | |
| 单 册: | ||
| 中图分类: | I561.45 | |
| 科图分类: | ||
| 主题词: | 短篇小说--Duan Pian Xiao Shuo--世界--选集 | |
| 电子资源: | ||
| ISBN: | 7-02-005404-8 | |
| 000 | 00904nam 2200265 450 | |
| 001 | CAL 012006021907 | |
| 005 | 20060526152908.82 | |
| 010 | @a7-02-005404-8@dCNY 17.00 | |
| 099 | @aCAL 012006021907 | |
| 100 | @a20060106d2006 ekmy0chiy0121 ea | |
| 101 | 1 | @achi@ceng |
| 102 | @aCN@b110000 | |
| 200 | 1 | @a人狗情@ARen Gou Qing@f(英) 吉卜林等著@g姬登杰等译 |
| 210 | @a北京@c人民文学出版社@d2006.01 | |
| 215 | @a260页@d22cm | |
| 225 | 2 | @a人狗情丛书@ARen Gou Qing Cong Shu@d= The world famous animal stories |
| 330 | @a本书收入14篇关于狗的短篇小说,其中大多出自名家之笔。包括那年那月那狗、瞎子的那只狗、木木、疯狗等内容。 | |
| 333 | @a文学爱好者 | |
| 410 | 0 | @12001 @a人狗情丛书 |
| 606 | 0 | @a短篇小说@ADuan Pian Xiao Shuo@y世界@j选集 |
| 690 | @aI561.45@v4 | |
| 701 | 1 | @a吉卜林@AJi Bu Lin@4著 |
| 702 | 0 | @a姬登杰@AJi Deng Jie@4译 |
| 801 | 0 | @aCN@bXHSD@c20060526 |
| 905 | @a10447@dI561.45@eJ063 | |
| 人狗情/(英) 吉卜林等著/姬登杰等译.-北京:人民文学出版社,2006.01 |
| 260页;22cm.-(人狗情丛书= The world famous animal stories) |
| 使用对象:文学爱好者 |
| ISBN 7-02-005404-8:CNY 17.00 |
| 本书收入14篇关于狗的短篇小说,其中大多出自名家之笔。包括那年那月那狗、瞎子的那只狗、木木、疯狗等内容。 |
| ● |
| 相关链接 |
|
|
|
正题名:人狗情
索取号:I561.45/J063
 
预约/预借
| 序号 | 登录号 | 条形码 | 馆藏地/架位号 | 状态 | 备注 |
| 1 | 603947 | 206039473 | 文学库116/116文学库 21排1列3层/ [索取号:I561.45/J063] | 在馆 | |
| 2 | 603948 | 206039482 | 社科二线422/422社科库 36排1列5层/ [索取号:I561.45/J063] | 在馆 | |
| 3 | 603949 | 206039491 | 文学库116/116文学库 21排1列3层/ [索取号:I561.45/J063] | 在馆 |